Inferno di Dante - Personaggi - Statistics

Statistiche generali
  • Questo quiz è stato fatto 383 volte
  • Il punteggio medio è 7 su 15
Statistiche sulle risposte
Versi Risposta % Corretto
"Amor, ch’a nullo amato amar perdona, mi prese del costui piacer sì forte, che, come vedi, ancor non m’abbandona" Francesca da Polenta
91%
"Nacqui sub Iulio, ancor che fosse tardi, e vissi a Roma sotto ’l buono Augusto nel tempo de li dèi falsi e bugiardi". Virgilio
90%
"Guai a voi, anime prave! Non isperate mai veder lo cielo: i’ vegno per menarvi a l’altra riva ne le tenebre etterne, in caldo e ’n gelo. E tu che se’ costì, anima viva, pàrtiti da cotesti che son morti" Caronte
86%
"Considerate la vostra semenza: fatti non foste a viver come bruti, ma per seguir virtute e canoscenza" Ulisse
70%
Quand’ebbe detto ciò, con li occhi torti riprese ’l teschio misero co’ denti, che furo a l’osso, come d’un can, forti. Conte Ugolino della Gherardesca
62%
"Lo 'mperador del doloroso regno da mezzo 'l petto uscia fuor de la ghiaccia". Lucifero
51%
"O Tosco che per la città del foco vivo ten vai così parlando onesto, piacciati di restare in questo loco. La tua loquela ti fa manifesto di quella nobil patrïa natio, a la qual forse fui troppo molesto" Farinata degli Uberti
48%
"O tu che vieni al doloroso ospizio, guarda com’entri e di cui tu ti fide; non t’inganni l’ampiezza de l’intrare!" Minosse
42%
"Se per questo cieco carcere vai per altezza d’ingegno, mio figlio ov’è? e perché non è teco?" Cavalcante dei Cavalcanti
39%
"Perché mi schiante? Perché mi scerpi? non hai tu spirto di pietade alcuno? Uomini fummo, e or siam fatti sterpi: ben dovrebb’esser la tua man più pia, se state fossimo anime di serpi". Pier delle Vigne
26%
"Pape Satàn, pape Satàn aleppe!" Pluto
23%
"Vedi colui che mutò sembiante quando di maschio femmina divenne, cangiandosi le membra tutte quante; e prima, poi, ribatter li convenne li duo serpenti avvolti, con la verga, che rïavesse le maschili penne." Tiresia
9%
[...] ed elli avea del cul fatto trombetta. Barbariccia
8%
"Forse tu credi che qui sia ’l duca d’Atene, che sù nel mondo la morte ti porse? Pàrtiti, bestia, ché questi non vene ammaestrato da la tua sorella, ma vassi per veder le vostre pene" Minotauro
7%
"Or tu chi se’ che vai per l’Antenora, percotendo altrui le gote, sì che, se fossi vivo, troppo fora?" Bocca degli Abati
2%
Nessun quiz corrispondente trovato
Distribuzione punteggi
Percentuale di utenti per punteggio
Percentile per numero di risposta
I tuoi punteggi nel tempo
Non hai fatto questo quiz